|
|
|
|
| LEADER |
00962cam a2200277 a 4500 |
| 001 |
c000218123 |
| 003 |
CARM |
| 005 |
19800827000000.0 |
| 008 |
800808s1980 enkab 001 0 eng d |
| 015 |
|
|
|a B8019208
|
| 019 |
1 |
|
|a 1838023
|5 LACONCORD2021
|
| 020 |
|
|
|a 0442219083 :
|c £13.45
|
| 035 |
|
|
|a (OCoLC)6475575
|5 LACONCORD2021
|
| 040 |
|
|
|a BNB
|b eng
|c BNB
|
| 050 |
0 |
0 |
|a QC981
|
| 082 |
0 |
4 |
|a 551.5
|
| 100 |
1 |
|
|a Eagleman, Joe R.
|
| 245 |
1 |
0 |
|a Meteorology :
|b the atmosphere in action /
|c [by] Joe R. Eagleman.
|
| 260 |
|
|
|a New York ;
|a London [etc.] :
|b D. Van Nostrand,
|c 1980.
|
| 300 |
|
|
|a xii,384p :
|b ill, maps ;
|c 24cm.
|
| 500 |
|
|
|a Weather (BNB/PRECIS)
|
| 504 |
|
|
|a Bibl.: p.375-376. - Index.
|
| 650 |
|
0 |
|a Weather.
|
| 852 |
8 |
|
|b CARM
|h A3:AF03B0
|i D09158
|p 0275820
|f BK
|
| 999 |
f |
f |
|i a5ee88a3-e016-53a5-ba0b-10d41e1a2f09
|s 0bc4c67d-3090-53ca-a97d-b14d068e78eb
|
| 952 |
f |
f |
|p Can circulate
|a CAVAL
|b CAVAL
|c CAVAL
|d CARM 1 Store
|e D09158
|f A3:AF03B0
|h Other scheme
|i book
|m 0275820
|